| 000 | 00946nam a22002417a 4500 | ||
|---|---|---|---|
| 008 | 240605b mp ||||| |||| 00| 0 mon d | ||
| 020 | _a978-9919-517-42-7 | ||
| 035 | _a29101 | ||
| 040 |
_aDA0445040 _bmon _cMN-UlNLM _dMN-UlNLM _erda |
||
| 041 | _amon | ||
| 042 | _a61025 | ||
| 084 |
_221 _a920 _bТ.594 |
||
| 100 | _aТөрмөнх Б. | ||
| 245 | 0 | _aМонгол хүн Д.Нацагдорж | |
| 264 |
_aУБ _bАдмон принт ХХК _c2022 |
||
| 300 | _a63 х. | ||
| 336 |
_2rdacontent _atext _btxt |
||
| 337 |
_2rdamedia _aunmediated _bn |
||
| 338 |
_2rdacarrier _avolume _bnc |
||
| 650 | _aМонголчууд олон зуун жил харь орны дарлал мөлжлөгт зовж зүдрэн, дэлхийн боловсролоос хоцрон гээгдсэн цаг үед тэрээр мэндэлжээ. Б... | ||
| 942 |
_210-t _cBK |
||
| 999 |
_c764793 _d764850 |
||